Estadísticas para Capitales aleatorias de Europa en un mapa

Haz click aquí para intentar la prueba.

Estadísticas generales

  • Esta prueba ha sido intentada 1.126 veces
  • La puntuación promedio es 10 de 12

Respuestas en el mapa

Las respuestas están codificadas por una escala verde-roja en el mapa de la prueba según el % correcto abajo.
 

Estadísticas de respuestas

capital% Correcto
Madrid
98%
Roma / Ciudad
del Vaticano
98%
Dublin
97%
Lisboa
97%
París
97%
Atenas
96%
Londres
96%
Oslo
96%
Berlín
95%
Moscú
92%
Kiev
91%
Helsinki
90%
San Marino
90%
Ámsterdam
89%
Mónaco
89%
Praga
87%
Viena
86%
Andorra la Vieja
85%
Varsovia
85%
Bruselas
83%
Estocolmo
83%
Budapest
82%
Minsk
82%
Berna
81%
Reikiavik
81%
La Valeta
79%
Zagreb
79%
Luxemburgo
78%
Sofía
78%
Copenhague
74%
Chișinău
73%
Liubliana
73%
Riga
72%
Bucarest
71%
Tallin
71%
Vilna
71%
Sarajevo
68%
Belgrado
65%
Tirana
61%
Bratislava
54%
Skopie
53%
Podgorica
52%
Pristina
52%
Vaduz
48%

Distribución de puntuación

Porcentaje por número respondido

Porcentaje de gente con cada puntuación

Historial de tus puntuaciones

No has intentado esta prueba.